Statistics for East Timor Quiz

Click here to take the quiz!

General Stats

  • This quiz has been taken 157 times
    (142 since last reset)
  • The average score is 5 of 10

Answer Stats

QuestionAnswer% Correct
What side of the road do they drive on?Left
88%
Name a colour on the flag of East TimorRed, White, Yellow, Black
85%
Name a country that borders East TimorIndonesia
84%
What is the capital city of East Timor?Dili
83%
Name an official languagePortuguese/Tetum
69%
How many regions are there in East Timor?13
54%
What is the demonym?East Timorese
26%
What is the full name of the nation?Democratic Republic of Timor-Leste
19%
What is the name of their national anthem?Patria
11%
What is their motto, translated?Unity, Action, Progress
7%

Score Distribution

Percentile by Number Answered

Percent of People with Each Score

Your Score History

You have not taken this quiz since the last reset